Italien - Participes passés irréguliers (Masculin singulier) - Statistiques

Statistiques générales
  • Ce quiz a été pris 22 fois
  • Le résultat moyen est 36 sur 139
Statistiques - réponses
Tempo - Persona Coniugazione % Correct
vincere vinto
88%
fare fatto
75%
rispondere risposto
63%
aprire aperto
50%
morire morto
50%
provenire provenuto
50%
scrivere scritto
50%
essere stato
50%
venire venuto
50%
attrarre attratto
38%
chiedere chiesto
38%
condividere condiviso
38%
correggere corretto
38%
decidere deciso
38%
deludere deluso
38%
dirigere diretto
38%
disporre disposto
38%
distinguere distinto
38%
insistere insistito
38%
intervenire intervenuto
38%
nascondere nascosto
38%
nascere nato
38%
piacere piaciuto
38%
proporre proposto
38%
proteggere protetto
38%
rendere reso
38%
riprendere ripreso
38%
sciogliere sciolto
38%
soffrire sofferto
38%
accendere acceso
25%
aggiungere aggiunto
25%
apparire apparso
25%
appendere appeso
25%
ardere arso
25%
benedire benedetto
25%
bere bevuto
25%
chiudere chiuso
25%
cogliere colto
25%
comparire comparso
25%
condurre .condotto
25%
conoscere conosciuto
25%
convincere convinto
25%
coprire coperto
25%
correre corso
25%
crescere cresciuto
25%
descrivere descritto
25%
dire detto
25%
difendere difeso
25%
dipingere dipinto
25%
discutere discusso
25%
dispiacere dispiaciuto
25%
distruggere distrutto
25%
divenire divenuto
25%
dividere diviso
25%
eleggere eletto
25%
emergere emerso
25%
escludere escluso
25%
esprimere espresso
25%
giungere giunto
25%
intendere inteso
25%
ledere leso
25%
leggere letto
25%
mettere messo
25%
mordere morso
25%
offrire offerto
25%
offendere offeso
25%
permettere permesso
25%
perdere perso / perduto
25%
persuadere persuaso
25%
piangere pianto
25%
porre posto
25%
prendere preso
25%
presumere presunto
25%
produrre prodotto
25%
promettere promesso
25%
pungere punto
25%
raccogliere raccolto
25%
raggiungere raggiunto
25%
riconoscere riconosciuto
25%
rimanere rimasto
25%
ridere riso
25%
risolvere risolto
25%
rivedere rivisto
25%
rivolgere rivolto
25%
rompere rotto
25%
scegliere scelto
25%
scendere sceso
25%
scomparire scomparso / scomparito
25%
sconvolgere sconvolto
25%
scoprire scoperto
25%
scorrere scorso
25%
smettere smesso
25%
sorridere sorriso
25%
spendere speso
25%
spingere spinto
25%
succedere successo
25%
svenire svenuto
25%
tingere tinto
25%
togliere tolto
25%
tradurre tradotto
25%
trascorrere trascorso
25%
trarre tratto
25%
uccidere ucciso
25%
vivere vissuto
25%
vedere visto
25%
volgere volto
25%
ammettere ammesso
13%
assolvere assolto
13%
assumere assunto
13%
attendere atteso
13%
avvenire avvenuto
13%
comprendere compreso
13%
contraddire contraddetto
13%
costringere costretto
13%
cuocere cotto
13%
dipendere dipeso
13%
esistere esistito
13%
esporre esposto
13%
fingere finto
13%
friggere fritto
13%
muovere mosso
13%
parere parso
13%
persistere persistito
13%
porgere porto
13%
procedere processo / proceduto
13%
resistere resistito
13%
respingere respinto
13%
reggere retto
13%
riassumere riassunto
13%
ridurre ridotto
13%
scuotere scosso
13%
seppellire sepolto / seppellito
13%
solere solito
13%
sorgere sorto
13%
sottintendere sottinteso
13%
spegnere spento
13%
stendere steso
13%
stringere stretto
13%
valere valso
13%
Aucun quiz correspondant
Distribution des résultats
% des personnes avec chaque résultat
Percentile par nombre de réponses
Votre historique - résultats
Vous n’avez pas pris ce quiz